000 00533nam a2200181Ia 4500
003 GCL
008 140319s9999 xx 000 0 ara d
040 _aGCL /
_cGCL
082 0 4 _a956.6
_bل ت
100 1 _aحازم صاعية
245 1 0 _aتعريب الكتائب اللبنانية: الحزب, السلطة, الخوف /
_cحازم صاعية
260 _a[S.N] :
_bدار الجديد ،
_c1991
300 _a268 ص
490 _a
650 0 4 _aالحرب اللبنانية
650 0 4 _aلبنان
942 _2ddc
_cBK
999 _c56010
_d56010